00454cam a22001572 4500001001100000005001700011008004100028020002700069040001500096050001600111245006200127260002600189300001200215650003700227700003200264000000254120151217161131.0070413s xx 000 0 eng d a019862122 :cKES 6,000 aKABUcKABU 0aML100b.O9414aThe Oxford companion to music /cedited by Alison Latham. aOxford :bOUP,c2002. a1434 p. 0aMusicvDictionaries.@00001519261 aLatham, Alison.@0000083006